All Countries of the world with no map - Statistics

General Stats
  • This quiz has been taken 53 times
  • The average score is 83 of 196
Answer Stats
Answer % Correct
Canada
77%
China
77%
United States
77%
Russia
73%
Austria
70%
Denmark
70%
Mexico
70%
Andorra
67%
Dominican Republic
67%
India
67%
Ireland
67%
Italy
67%
Japan
67%
Portugal
67%
Spain
67%
United Kingdom
67%
Afghanistan
63%
Belgium
63%
Brazil
63%
Cuba
63%
Finland
63%
France
63%
Germany
63%
Norway
63%
Sweden
63%
Albania
60%
Argentina
60%
Armenia
60%
Australia
60%
Azerbaijan
60%
Hungary
60%
Iceland
60%
Iran
57%
Iraq
57%
Romania
57%
Slovakia
57%
Slovenia
57%
Bahamas
53%
Belarus
53%
Bhutan
53%
Bosnia and Herzegovina
53%
Bulgaria
53%
Cyprus
53%
Dominica
53%
Estonia
53%
Haiti
53%
Nepal
53%
Netherlands
53%
Peru
53%
Algeria
50%
Bahrain
50%
Barbados
50%
Bolivia
50%
Chile
50%
Colombia
50%
Croatia
50%
Czechia
50%
Georgia
50%
Jamaica
50%
Latvia
50%
Monaco
50%
Mongolia
50%
North Macedonia
50%
Oman
50%
Panama
50%
Qatar
50%
Saint Lucia
50%
Saint Vincent And The Grenadines
50%
San Marino
50%
South Korea
50%
Turkey
50%
Vatican City
50%
Yemen
50%
Antigua and Barbuda
47%
Costa Rica
47%
Democratic Republic of the Congo
47%
Egypt
47%
Guatemala
47%
Honduras
47%
Israel
47%
Kazakhstan
47%
Kosovo
47%
Lithuania
47%
Moldova
47%
North Korea
47%
Paraguay
47%
Poland
47%
Saint Kitts And Nevis
47%
Saudi Arabia
47%
Switzerland
47%
Belize
43%
Chad
43%
Greece
43%
Lebanon
43%
Liechtenstein
43%
Luxembourg
43%
Mali
43%
Malta
43%
New Zealand
43%
Pakistan
43%
Trinidad
43%
Ukraine
43%
Uruguay
43%
Venezuela
43%
Benin
40%
Cambodia
40%
El Salvador
40%
Eritrea
40%
Grenada
40%
Guyana
40%
Jordan
40%
Montenegro
40%
Nicaragua
40%
Republic Of The Congo
40%
Thailand
40%
Central African Republic
37%
Kuwait
37%
Morocco
37%
Niger
37%
Nigeria
37%
Philippines
37%
Senegal
37%
Serbia
37%
Suriname
37%
Syria
37%
Tajikistan
37%
Turkmenistan
37%
United Arab Emirates
37%
Angola
33%
Bangladesh
33%
Brunei
33%
Ecuador
33%
Ghana
33%
Guinea
33%
Indonesia
33%
Kiribati
33%
Laos
33%
Nauru
33%
South Africa
33%
Taiwan
33%
Uzbekistan
33%
Burundi
30%
Eswatini
30%
Ethiopia
30%
Gambia
30%
Mauritania
30%
Samoa
30%
Sudan
30%
Cape Verde
27%
Comoros
27%
Djibouti
27%
Equatorial Guinea
27%
Fiji
27%
Gabon
27%
Guinea-Bissau
27%
Kyrgyzstan
27%
Lesotho
27%
Liberia
27%
Libya
27%
Marshall Islands
27%
Palau
27%
Papua New Guinea
27%
Singapore
27%
Solomon Islands
27%
Somalia
27%
South Sudan
27%
Sri Lanka
27%
Togo
27%
Tonga
27%
Tuvalu
27%
Vietnam
27%
Zimbabwe
27%
Botswana
23%
Burkina Faso
23%
Cameroon
23%
Ivory Coast
23%
Malaysia
23%
Maldives
23%
Myanmar
23%
Tunisia
23%
Uganda
23%
East Timor
20%
Kenya
20%
Madagascar
20%
Rwanda
20%
Seychelles
20%
Sierra Leone
20%
Vanuatu
20%
Federated States Of Micronesia
17%
Malawi
17%
Namibia
17%
São Tomé And Principe
17%
Tanzania
17%
Zambia
17%
Mozambique
13%
Mauritius
10%
No matching quizzes found
Score Distribution
Percent of People with Each Score
Percentile by Number Answered
Your Score History
You have not taken this quiz